Proposal of criteria and indicators for sustainability of the Amazon Forest / (Registro nro. 2143)
[ vista simple ]
| 000 -CABECERA | |
|---|---|
| Campo de control | 01083nam a2200241 a 4500 |
| 005 - FECHA Y HORA DE LA ULTIMA TRANSACCION | |
| Campo de control | 20160901130717.0 |
| 008 - ELEMENTOS DE LONGITUD FIJA—INFORMACION GENERAL | |
| Campo de control | 110518s1995 pe gr 00010 eng d |
| 040 ## - FUENTE DE CATALOGACIÓN | |
| Agencia catalogadora original | CO-BoBLA |
| Agencia transcriptora | CO-BoBLA |
| 041 0# - IDIOMA | |
| Código de idioma para texto/pista de sonido o título separado | Inglés |
| -- | Español |
| -- | Portugués |
| 082 04 - NUMERO DE CLASIFICACION DECIMAL DEWEY | |
| Número de clasificación | 333.75 |
| Número del ítem | B67p |
| 245 10 - MENCION DE TITULO | |
| Título | Proposal of criteria and indicators for sustainability of the Amazon Forest / |
| Mención de responsabilidad | M. P. Botto. |
| 246 31 - FORMA VARIANTE DEL TITULO | |
| Título propiamente dicho/forma breve del título | Propuesta de criterios e indicadores de sostenibilidad del bosque amazónico |
| 246 31 - FORMA VARIANTE DEL TITULO | |
| Título propiamente dicho/forma breve del título | Proposta sobre critérios e indicadores sustentabilidade da floresta amazônica |
| 260 ## - PUBLICACION, DISTRIBUCION, ETC. (PIE DE IMPRENTA) | |
| Lugar de publicación, distribución, etc. | Lima, Perú : |
| Nombre del editor, distribuidor, etc. | ACT, Amazon Cooperation Treaty. Pro Tempore Secretariat, |
| Fecha de publicación, distribución, etc. | 1995. |
| 300 ## - DESCRIPCION FISICA | |
| Extensión | 149 páginas ; |
| Dimensiones | 30 x 21 cm. |
| 546 ## - NOTA DE IDIOMA | |
| Nota de idioma | Texto en inglés, español y portugues. |
| 650 26 - ASIENTO SECUNDARIO DE MATERIA - TERMINO TEMATICO | |
| Término temático o nombre geográfico como elemento de entrada | Desarrollo sostenible |
| Subdivisión geográfica | Amazonas (Región) |
| 9 (RLIN) | 75791 |
| 650 26 - ASIENTO SECUNDARIO DE MATERIA - TERMINO TEMATICO | |
| Término temático o nombre geográfico como elemento de entrada | Indicadores ecológicos |
| Subdivisión geográfica | Amazonas (Región) |
| 9 (RLIN) | 75792 |
| 650 26 - ASIENTO SECUNDARIO DE MATERIA - TERMINO TEMATICO | |
| Término temático o nombre geográfico como elemento de entrada | Conservación de la naturaleza |
| Subdivisión geográfica | Amazonas (Región) |
| 9 (RLIN) | 75793 |
| 650 26 - ASIENTO SECUNDARIO DE MATERIA - TERMINO TEMATICO | |
| Término temático o nombre geográfico como elemento de entrada | Bosque húmedo |
| Subdivisión general | conservación |
| Subdivisión geográfica | Amazonas (Región) |
| 9 (RLIN) | 75794 |
| 700 1# - ASIENTO SECUNDARIO - NOMBRE PERSONAL | |
| Nombre personal | Botto, M. P. |
| Término de relación | coordinador |
| 9 (RLIN) | 13353 |
| 942 ## - ELEMENTOS ADICIONALES (KOHA) | |
| Sistema de clasificación | Dewey Decimal Classification |
| Tipo de ítem | Libro |
| Withdrawn status | Lost status | Sistema de Clasificación | Damaged status | No para préstamo | Colección | Inventariado | Ubicación Permanente | Ubicación actual | Fecha de adquisición | Fuente de Valor | Valor | Total Checkouts | Número topográfico | Inventario / Código de Barras | Date last seen | Ejemplar | Price effective from | Forma de adquisición | Tipo de material |
|---|---|---|---|---|---|---|---|---|---|---|---|---|---|---|---|---|---|---|---|
| Dewey Decimal Classification | General | Inventariado 2017 | Bogotá | Bogotá | 09/03/2001 | Instituto | 39000.00 | LB-333.75 B67p | 002706 | 04/12/2012 | Ej. 1 | 04/12/2012 | Donación | Libro |